A kiváltott és posztszinaptikus potenciálok frekvenciafüggése macska szomatoszenzoros kérgén

Elmentve itt :
Bibliográfiai részletek
Szerző: Pór István
További közreműködők: Fehér Ottó (Témavezető)
Dokumentumtípus: Disszertáció
Megjelent: 1974
Kulcsszavak:Élettan
Tárgyszavak:
Online Access:http://doktori.ek.szte.hu/8262
LEADER 00808nta a2200217 i 4500
001 dokt8262
005 20221121143229.0
008 221121s1974 hu om 0|| hun d
040 |a SZTE Doktori Repozitórium  |b hun 
041 |a hun 
100 1 |a Pór István 
245 1 2 |a A kiváltott és posztszinaptikus potenciálok frekvenciafüggése macska szomatoszenzoros kérgén  |h [elektronikus dokumentum] /  |c  Pór István 
260 |c 1974 
502 |a Disszertacio 
650 4 |a biológiai tudományok 
650 4 |a Természettudományok 
650 4 |a Biológiai tudományok 
650 4 |a Zoológia, ornitológia, entomológia, viselkedéstudomány biológiája 
695 |a Élettan 
700 1 |a Fehér Ottó  |e ths 
856 4 0 |u https://doktori.bibl.u-szeged.hu/id/eprint/8262/1/1974_por_istvan.pdf  |z Dokumentum-elérés